| 000 | 00984nam a22002657a 4500 | ||
|---|---|---|---|
| 005 | 20240530110508.0 | ||
| 008 | 151013s2011 ua g 000 0 ara d | ||
| 017 |
_a2011/7210 _bمصر . دار الكتب المصرية |
||
| 020 | _a9789773222811 | ||
| 040 | _aEG-CaGPL | ||
| 082 | 0 | 4 |
_221 _a904\ _bق أ |
| 100 | 0 | _aقاسم عبده قاسم | |
| 245 | 1 | 0 |
_aاوراق تاريخية / _cقاسم عبده قاسم |
| 250 | _aط1 | ||
| 260 |
_aالقاهرة : _bعين للدراسات و البحوث الانسانية و الاجتماعية ، _c2011 . |
||
| 300 |
_a377 ص ؛ _c24 سم . |
||
| 650 | 0 | 4 |
_aالتاريخ _xمقالات و محاضرات |
| 650 | 0 | 4 | _aاليهود فى مصر |
| 650 | 0 | 4 |
_aالتتار _xالعالم العربى |
| 650 | 0 | 4 | _aالحروب الصليبية |
| 651 | 0 | 4 |
_aالقاهرة _xابواب |
| 651 | 0 | 4 |
_2مصر _xالحبشة _yعصر المماليك |
| 942 |
_2ddc _cBK |
||
| 999 |
_c61604 _d61604 |
||